| 000 | 00587nam a2200193 a 4500 | ||
|---|---|---|---|
| 001 | 5848 | ||
| 003 | CDMR | ||
| 005 | 20131025101900.0 | ||
| 008 | 130220s2010||||||||||||||||||||||||||||d | ||
| 020 | _a9788481098884 (Galaxia Gutenberg) | ||
| 040 |
_aCDMR _bcat _cCDMR |
||
| 100 | 1 |
_aDomoslawski, Artur _92871 |
|
| 245 | 1 | 0 |
_aKapuscinski non-fiction _b: el hombre, el reportero y su época _cArtur Domoslawski |
| 260 |
_aBarcelona _bCírculo de lectores |
||
| 260 |
_bGalaxia Gutenberg _c2010 |
||
| 300 |
_a628 p. ; _c17 cm |
||
| 490 | 0 | _aBiografías, memorias y testimonios | |
| 942 |
_cMON _2udc |
||
| 999 |
_c5848 _d5848 |
||